Statistics for Every Golden Globe Nominee for Best Actress in a Drama Film

Click here to take the quiz!

General Stats

  • This quiz has been taken 28 times
  • The average score is 232 of 371

Answer Stats

YearFilmActor% Correct
1991Thelma & LouiseGeena Davis
100%
2021House of GucciLady Gaga
100%
2018A Star Is BornLady Gaga
100%
2011The HelpViola Davis
100%
2022The Woman KingViola Davis
100%
2020Ma Rainey's Black BottomViola Davis
100%
1962What Ever Happened to Baby Jane?Bette Davis
96%
1950All About EveBette Davis
96%
2005North CountryCharlize Theron
96%
2003MonsterCharlize Theron
96%
2019BombshellCharlize Theron
96%
1999Boys Don't CryHilary Swank
96%
2004Million Dollar BabyHilary Swank
96%
1997ContactJodie Foster
96%
1994NellJodie Foster
96%
1988The AccusedJodie Foster
96%
2007The Brave OneJodie Foster
96%
1991The Silence of the LambsJodie Foster
96%
2000Erin BrockovichJulia Roberts
96%
2013Labor DayKate Winslet
96%
2006Little ChildrenKate Winslet
96%
1997TitanicKate Winslet
96%
2008Revolutionary RoadKate Winslet
96%
1994The River WildMeryl Streep
96%
1983SilkwoodMeryl Streep
96%
1985Out of AfricaMeryl Streep
96%
2008DoubtMeryl Streep
96%
1999Music of the HeartMeryl Streep
96%
1981The French Lieutenant's WomanMeryl Streep
96%
1982Sophie's ChoiceMeryl Streep
96%
1998One True ThingMeryl Streep
96%
2017The PostMeryl Streep
96%
1996Marvin's RoomMeryl Streep
96%
2002The HoursMeryl Streep
96%
2011The Iron LadyMeryl Streep
96%
1995The Bridges of Madison CountyMeryl Streep
96%
1988A Cry in the DarkMeryl Streep
96%
2010Black SwanNatalie Portman
96%
2016JackieNatalie Portman
96%
2009The Blind SideSandra Bullock
96%
2013GravitySandra Bullock
96%
1995CasinoSharon Stone
96%
1992Basic InstinctSharon Stone
96%
2004Kill Bill: Volume 2Uma Thurman
96%
2003Kill Bill: Volume 1Uma Thurman
96%
2022TárCate Blanchett
91%
2013Blue JasmineCate Blanchett
91%
1998ElizabethCate Blanchett
91%
2007Elizabeth: The Golden AgeCate Blanchett
91%
2015CarolCate Blanchett
91%
2003Veronica GuerinCate Blanchett
91%
2020NomadlandFrances McDormand
91%
2017Three Billboards Outside Ebbing, MissouriFrances McDormand
91%
2010Frankie & AliceHalle Berry
91%
2001Monster's BallHalle Berry
91%
2014Still AliceJulianne Moore
91%
1999The End of the AffairJulianne Moore
91%
2002Far from HeavenJulianne Moore
91%
1963This Sporting LifeRachel Roberts
91%
1998StepmomSusan Sarandon
91%
1992Lorenzo's OilSusan Sarandon
91%
1990White PalaceSusan Sarandon
91%
1995Dead Man WalkingSusan Sarandon
91%
1991Thelma & LouiseSusan Sarandon
91%
2008ChangelingAngelina Jolie
87%
2007A Mighty HeartAngelina Jolie
87%
2023NyadAnnette Bening
87%
1991BugsyAnnette Bening
87%
1999American BeautyAnnette Bening
87%
1953Roman HolidayAudrey Hepburn
87%
1967Wait Until DarkAudrey Hepburn
87%
1956War and PeaceAudrey Hepburn
87%
1959The Nun's StoryAudrey Hepburn
87%
2015RoomBrie Larson
87%
2006The QueenHelen Mirren
87%
2012HitchcockHelen Mirren
87%
2009The Last StationHelen Mirren
87%
2021The Eyes of Tammy FayeJessica Chastain
87%
2017Molly's GameJessica Chastain
87%
2012Zero Dark ThirtyJessica Chastain
87%
2016Miss SloaneJessica Chastain
87%
1959Suddenly, Last SummerKatharine Hepburn
87%
1968The Lion in WinterKatharine Hepburn
87%
1956The RainmakerKatharine Hepburn
87%
1962Long Day's Journey into NightKatharine Hepburn
87%
1981On Golden PondKatharine Hepburn
87%
1967Guess Who's Coming to DinnerKatharine Hepburn
87%
1990MiseryKathy Bates
87%
1980Ordinary PeopleMary Tyler Moore
87%
2022The FabelmansMichelle Williams
87%
2017All the Money in the WorldMichelle Williams
87%
2010Blue ValentineMichelle Williams
87%
2002The HoursNicole Kidman
87%
2021Being the RicardosNicole Kidman
87%
2018DestroyerNicole Kidman
87%
2001The OthersNicole Kidman
87%
2004BirthNicole Kidman
87%
2010Rabbit HoleNicole Kidman
87%
2003Cold MountainNicole Kidman
87%
2019JudyRenée Zellweger
87%
2019Little WomenSaoirse Ronan
87%
2015BrooklynSaoirse Ronan
87%
2004A Love Song for Bobby LongScarlett Johansson
87%
2019Marriage StoryScarlett Johansson
87%
2003Girl with a Pearl EarringScarlett Johansson
87%
1951A Streetcar Named DesireVivien Leigh
87%
2016ArrivalAmy Adams
83%
2023MaestroCarey Mulligan
83%
2009An EducationCarey Mulligan
83%
2020Promising Young WomanCarey Mulligan
83%
1993The Remains of the DayEmma Thompson
83%
1992Howards EndEmma Thompson
83%
1995Sense and SensibilityEmma Thompson
83%
2013Saving Mr. BanksEmma Thompson
83%
1987Fatal AttractionGlenn Close
83%
2011Albert NobbsGlenn Close
83%
2018The WifeGlenn Close
83%
1977JuliaJane Fonda
83%
1969They Shoot Horses, Don't They?Jane Fonda
83%
1978Coming HomeJane Fonda
83%
1979The China SyndromeJane Fonda
83%
1971KluteJane Fonda
83%
2010Winter's BoneJennifer Lawrence
83%
2014Gone GirlRosamund Pike
83%
2018A Private WarRosamund Pike
83%
2002FridaSalma Hayek
83%
1986AliensSigourney Weaver
83%
1999A Map of the WorldSigourney Weaver
83%
1988Gorillas in the MistSigourney Weaver
83%
1997Mrs BrownJudi Dench
78%
2006Notes on a ScandalJudi Dench
78%
2001IrisJudi Dench
78%
2013PhilomenaJudi Dench
78%
2023Killers of the Flower MoonLily Gladstone
78%
2014WildReese Witherspoon
78%
2011The Girl with the Dragon TattooRooney Mara
78%
2015CarolRooney Mara
78%
1985The Color PurpleWhoopi Goldberg
78%
2015The Danish GirlAlicia Vikander
74%
2022BlondeAna de Armas
74%
1984Mrs. SoffelDiane Keaton
74%
1977Looking for Mr. GoodbarDiane Keaton
74%
1981RedsDiane Keaton
74%
1982Shoot the MoonDiane Keaton
74%
2014The Theory of EverythingFelicity Jones
74%
2007AtonementKeira Knightley
74%
1965OthelloMaggie Smith
74%
1969The Prime of Miss Jean BrodieMaggie Smith
74%
2018Can You Ever Forgive Me?Melissa McCarthy
74%
2022Empire of LightOlivia Colman
74%
2021The Lost DaughterOlivia Colman
74%
1979Norma RaeSally Field
74%
1984Places in the HeartSally Field
74%
1989Steel MagnoliasSally Field
74%
1981Absence of MaliceSally Field
74%
1973Ash WednesdayElizabeth Taylor
70%
1959Suddenly, Last SummerElizabeth Taylor
70%
1966Who's Afraid of Virginia Woolf?Elizabeth Taylor
70%
1960BUtterfield 8Elizabeth Taylor
70%
1974Alice Doesn't Live Here AnymoreEllen Burstyn
70%
1973The ExorcistEllen Burstyn
70%
2000Requiem for a DreamEllen Burstyn
70%
1980ResurrectionEllen Burstyn
70%
1975Three Days of the CondorFaye Dunaway
70%
1974ChinatownFaye Dunaway
70%
1967Bonnie and ClydeFaye Dunaway
70%
1976NetworkFaye Dunaway
70%
1970Puzzle of a Downfall ChildFaye Dunaway
70%
1987BarflyFaye Dunaway
70%
1993The PianoHolly Hunter
70%
1994Mrs. Parker and the Vicious CircleJennifer Jason Leigh
70%
1943The Song of BernadetteJennifer Jones
70%
2021SpencerKristen Stewart
70%
2006VolverPenélope Cruz
70%
2017The Shape of WaterSally Hawkins
70%
1983Terms of EndearmentShirley MacLaine
70%
1988Madame SousatzkaShirley MacLaine
70%
1958Some Came RunningShirley MacLaine
70%
1961The Children's HourShirley MacLaine
70%
2008Rachel Getting MarriedAnne Hathaway
65%
1985MaskCher
65%
1995Leaving Las VegasElisabeth Shue
65%
2009PreciousGabourey Sidibe
65%
1971Mary, Queen of ScotsGlenda Jackson
65%
1975HeddaGlenda Jackson
65%
1976The Incredible SarahGlenda Jackson
65%
1978StevieGlenda Jackson
65%
1970Women in LoveGlenda Jackson
65%
1954The Country GirlGrace Kelly
65%
1986Children of a Lesser GodMarlee Matlin
65%
1990The Russia HouseMichelle Pfeiffer
65%
1992Love FieldMichelle Pfeiffer
65%
1993The Age of InnocenceMichelle Pfeiffer
65%
1989The Fabulous Baker BoysMichelle Pfeiffer
65%
2012The ImpossibleNaomi Watts
65%
2020Pieces of a WomanVanessa Kirby
65%
2003ThirteenEvan Rachel Wood
61%
2005TransamericaFelicity Huffman
61%
2005ProofGwyneth Paltrow
61%
1978Autumn SonataIngrid Bergman
61%
1956AnastasiaIngrid Bergman
61%
1958The Inn of the Sixth HappinessIngrid Bergman
61%
1944GaslightIngrid Bergman
61%
1945The Bells of St. Mary'sIngrid Bergman
61%
2016ElleIsabelle Huppert
61%
1989Music BoxJessica Lange
61%
1994Blue SkyJessica Lange
61%
1982FrancesJessica Lange
61%
1984CountryJessica Lange
61%
1997A Thousand AcresJessica Lange
61%
1993Three Colours: BlueJuliette Binoche
61%
1975One Flew Over the Cuckoo's NestLouise Fletcher
61%
2016LovingRuth Negga
61%
2020The United States vs. Billie HolidayAndra Day
57%
1987NutsBarbra Streisand
57%
1973The Way We WereBarbra Streisand
57%
2019HarrietCynthia Erivo
57%
1960Midnight LaceDoris Day
57%
1978InteriorsGeraldine Page
57%
1961Summer and SmokeGeraldine Page
57%
1964Dear HeartGeraldine Page
57%
1963Toys in the AtticGeraldine Page
57%
1962Sweet Bird of YouthGeraldine Page
57%
1985The Trip to BountifulGeraldine Page
57%
2023Past LivesGreta Lee
57%
1997The Wings of the DoveHelena Bonham Carter
57%
1952Sudden FearJoan Crawford
57%
1996The English PatientKristin Scott Thomas
57%
2008I've Loved You So LongKristin Scott Thomas
57%
1961Splendor in the GrassNatalie Wood
57%
1963Love with the Proper StrangerNatalie Wood
57%
1966This Property Is CondemnedNatalie Wood
57%
1949The HeiressOlivia de Havilland
57%
1952My Cousin RachelOlivia de Havilland
57%
2012The Deep Blue SeaRachel Weisz
57%
2023Anatomy of a FallSandra Hüller
57%
1984The RiverSissy Spacek
57%
1981Raggedy ManSissy Spacek
57%
2001In the BedroomSissy Spacek
57%
1982MissingSissy Spacek
57%
2002UnfaithfulDiane Lane
52%
1998Hilary and JackieEmily Watson
52%
1996Breaking the WavesEmily Watson
52%
2000The ContenderJoan Allen
52%
1965DarlingJulie Christie
52%
2007Away from HerJulie Christie
52%
1991Rambling RoseLaura Dern
52%
1968Rosemary's BabyMia Farrow
52%
2011We Need to Talk About KevinTilda Swinton
52%
2001The Deep EndTilda Swinton
52%
1983Terms of EndearmentDebra Winger
48%
1993A Dangerous WomanDebra Winger
48%
1982An Officer and a GentlemanDebra Winger
48%
2004Vera DrakeImelda Staunton
48%
2014CakeJennifer Aniston
48%
2000You Can Count on MeLaura Linney
48%
1974Scenes from a MarriageLiv Ullmann
48%
1972The EmigrantsLiv Ullmann
48%
1976Face to FaceLiv Ullmann
48%
1989The Rose GardenLiv Ullmann
48%
1976RockyTalia Shire
48%
1971Mary, Queen of ScotsVanessa Redgrave
48%
1984The BostoniansVanessa Redgrave
48%
1968IsadoraVanessa Redgrave
48%
1970Love StoryAli MacGraw
43%
1990The GriftersAnjelica Huston
43%
1957Wild Is the WindAnna Magnani
43%
1955The Rose TattooAnna Magnani
43%
1986'night, MotherAnne Bancroft
43%
1985Agnes of GodAnne Bancroft
43%
1977The Turning PointAnne Bancroft
43%
1964The Pumpkin EaterAnne Bancroft
43%
1962The Miracle WorkerAnne Bancroft
43%
1996Secrets & LiesBrenda Blethyn
43%
2009The Young VictoriaEmily Blunt
43%
1974A Woman Under the InfluenceGena Rowlands
43%
1977Opening NightGena Rowlands
43%
1980GloriaGena Rowlands
43%
1962The Chapman ReportGlynis Johns
43%
1968Rachel, RachelJoanne Woodward
43%
1990Mr. and Mrs. BridgeJoanne Woodward
43%
1973Summer Wishes, Winter DreamsJoanne Woodward
43%
1957The Three Faces of EveJoanne Woodward
43%
1972The Effect of Gamma Rays on Man-in-the-Moon MarigoldsJoanne Woodward
43%
2012Rust and BoneMarion Cotillard
43%
1994Tom & VivMiranda Richardson
43%
1962LolitaShelley Winters
43%
1951A Place in the SunShelley Winters
43%
1949Edward, My SonDeborah Kerr
39%
1958Separate TablesDeborah Kerr
39%
1957Heaven Knows, Mr. AllisonDeborah Kerr
39%
1972Lady Sings the BluesDiana Ross
39%
1998Central StationFernanda Montenegro
39%
1950Sunset BoulevardGloria Swanson
39%
1956AnastasiaHelen Hayes
39%
1950Born YesterdayJudy Holliday
39%
2005A History of ViolenceMaria Bello
39%
1965Ship of FoolsSimone Signoret
39%
1959Room at the TopSimone Signoret
39%
1958I Want to Live!Susan Hayward
39%
2000Dancer in the DarkBjörk
35%
2023PriscillaCailee Spaeny
35%
1996The People vs. Larry FlyntCourtney Love
35%
1948Johnny BelindaJane Wyman
35%
1951The Blue VeilJane Wyman
35%
1986Duet for OneJulie Andrews
35%
1957Witness for the ProsecutionMarlene Dietrich
35%
1964The Night of the IguanaAva Gardner
30%
1956Baby DollCarroll Baker
30%
1960Sunrise at CampobelloGreer Garson
30%
1959Anatomy of a MurderLee Remick
30%
1962Days of Wine and RosesLee Remick
30%
2006SherrybabyMaggie Gyllenhaal
30%
1946Sister KennyRosalind Russell
30%
1947Mourning Becomes ElectraRosalind Russell
30%
1952Come Back, Little ShebaShirley Booth
30%
1972SounderCicely Tyson
26%
1969Anne of the Thousand DaysGeneviève Bujold
26%
1983TestamentJane Alexander
26%
1979La LunaJill Clayburgh
26%
1978An Unmarried WomanJill Clayburgh
26%
1961FannyLeslie Caron
26%
1963The L-Shaped RoomLeslie Caron
26%
1969The Sterile CuckooLiza Minnelli
26%
1973Cinderella LibertyMarsha Mason
26%
1979Promises in the DarkMarsha Mason
26%
1962PhaedraMelina Mercouri
26%
1970Promise at DawnMelina Mercouri
26%
1987AnnaSally Kirkland
26%
1976The Sailor Who Fell from Grace with the SeaSarah Miles
26%
1970Ryan's DaughterSarah Miles
26%
1989Sex, Lies, and VideotapeAndie MacDowell
22%
1966A Man and a WomanAnouk Aimée
22%
1965A Patch of BlueElizabeth Hartman
22%
1986ExtremitiesFarrah Fawcett
22%
1966The Shop on Main StreetIda Kaminska
22%
1975The Day of the LocustKaren Black
22%
1992Passion FishMary McDonnell
22%
1980TessNatassja Kinski
22%
1964Circus WorldRita Hayworth
22%
1965The CollectorSamantha Eggar
22%
1974LennyValerie Perrine
22%
1966Born FreeVirginia McKenna
22%
1983Heart Like a WheelBonnie Bedelia
17%
1988Running on EmptyChristine Lahti
17%
1967The WhisperersEdith Evans
17%
1957A Hatful of RainEva Marie Saint
17%
1960Elmer GantryJean Simmons
17%
1958Home Before DarkJean Simmons
17%
1969The Happy EndingJean Simmons
17%
1971Play Misty for MeJessica Walter
17%
1960The World of Suzie WongNancy Kwan
17%
1963The CaretakersPolly Bergen
17%
1972Play It as It LaysTuesday Weld
17%
2005Memoirs of a GeishaZhang Ziyi
17%
1963The Paper ManAlida Valli
13%
1967The FoxAnne Heywood
13%
1968The Killing of Sister GeorgeBeryl Reid
13%
1961A Raisin in the SunClaudia McNeil
13%
1980Touched by LoveDeborah Raffin
13%
1971Such Good FriendsDyan Cannon
13%
1964LilithJean Seberg
13%
1977I Never Promised You a Rose GardenKathleen Quinlan
13%
1975The Other Side of the MountainMarilyn Hassett
13%
1963The Conjugal BedMarina Vlady
13%
1987Gaby: A True StoryRachel Chagall
13%
1963The CardinalRomy Schneider
13%
1962Freud: The Secret PassionSusannah York
13%
1962Hemingway's Adventures of a Young ManSusan Strasberg
13%
1972One Is a Lonely NumberTrish Van Devere
13%
1979YanksLisa Eichhorn
9%

Score Distribution

Percentile by Number Answered

Percent of People with Each Score

Your Score History

You have not taken this quiz